000 00445nam a2200169 i 4500
001 30742
003 ES-MaACL
005 20230906154239.0
007 t|
008 030127s1921 xxk ||||1| eng d
080 _a262.13(09)
100 1 _aBell, Mary J. M.
_927179
245 1 0 _aA short history of the Papacy /
_cby Mary J. M. Bell.
260 _aLondon :
_bMethuen,
_c1921.
300 _aXIII, 390 p. ;
_c22 cm.
852 _aES-MaACL
_jA-3502
999 _c30742
_d30742